000 00442nam a2200169 i 4500
001 bg
100 1 _aDUVIGNEAUD, Paul
245 0 _aLa synthese ecologique :
_bpopulations, communautes, ecosystemes, biosphere, noosphere /
_cP. Duvigneaud.
260 _aParis,
_c1974.
020 _a2704000131
040 _cBPK
041 _apol
080 _a574
920 _a2-7040-0013-1
942 _cKS
008 s pl f |000 0 pol
999 _c18199
_d18199
856 _uhttp://koha.tu.koszalin.pl/cgi-bin/koha/opac-detail.pl?biblionumber=18199
_yKatalog online BPK